000 00486nam a2200169 a 4500
001 23431
005 20180713221510.0
008 140415s1998 000 0 spa d
020 _a9686255125
041 _aspa
082 _a972.0622042
_bVAC
100 1 _aVACA, AGUSTIN
245 1 4 _aLOS SILENCIOS DE LA HISTORIA :
_bLAS CRISTERAS
260 _a[s.l.] :
_bEL COLEGIO DE JALISCO,
_c1998
300 _a315
650 1 4 _aMEXICO
_xMUJERES
_xHISTORIA
_xCONFLICTO RELIGIOSO
999 _c23431
_d23431